How late'll ya play 'til? : volume 2, studio /

Bibliographic Details
Corporate Authors: David Bromberg Band, Fantasy Records
Other Authors: Bromberg, David, 1945- (Performer)
Format: CD Audio
Language:English
Published: Berkeley, Calif. : Fantasy Records, [1989]
Subjects:

MARC

Tag First Indicator Second Indicator Subfields
LEADER 00000cjm a2200000 a 4500
001 in00001425708
005 20160121150830.0
007 sd fungnn|m|ed
008 911231s1989 caujzn eng d
024 1 |a 2521877052 
028 0 2 |a FCD-7705-2  |b Fantasy 
028 0 0 |a DIDX 003634  |b Fantasy 
035 |a (OCoLC)25032538 
035 |9 AHQ9822AM 
040 |a CGL  |c CGL  |d TXA  |d UtOrBLW 
049 |a TXAM 
090 |a M1630.18.D18  |b H69 1989 v.2 
110 2 |a David Bromberg Band. 
245 1 0 |a How late'll ya play 'til? :  |b volume 2, studio /  |c David Bromberg Band. 
264 1 |a Berkeley, Calif. :  |b Fantasy Records,  |c [1989] 
264 4 |c ©1989 
300 |a 1 sound disc (49 min., 21 sec.) :  |b digital ;  |c 4 3/4 in. 
336 |a performed music  |b prm  |2 rdacontent 
337 |a audio  |b s  |2 rdamedia 
338 |a audio disc  |b sd  |2 rdacarrier 
500 |a Compact disc. 
511 0 |a David Bromberg ; Steve Burgh ; Lance Dickerson ; Peter Ecklund ; Dick Fegy ; John Firmin ; George Kindler ; Bernie Leadon ; Curt Linberg ; Hugh McDonald ; Steve Mosley ; Mac Rebennack ; David Schallock ; Phoebe Snow and others. 
518 |a "Kitchen girl" recorded February 16, 1978 ; "Long afternoons," "Nashville again" recorded January 31, 1978 at Fantasy Studios, Berkeley, CA. All other selections recorded June-July 1976 at Fantasy Studios (Berkeley), The Record Plant (Sausalito), Cherokee Studios (Los Angeles). 
505 0 |a Danger man II (3:40) -- Get up and go/Fiddle tunes (4:46) -- Summer wages (3:53) -- Dallas rag/Maple leaf rag (1:43) -- Whoopee ti yi yo (2:55) -- Young Westley (3:10) -- Dyin' crapshooter's blues (3:38) -- Bluebird (2:09) -- Idol with a golden head (3:47) -- Chubby thighs (4:20) -- Kaatskill serenade (4:40) -- Kitchen girl (2:10) -- Long afternoons (4:07) -- Nashville again (3:27). 
500 |a Sound recording. 
650 0 |a Popular music  |z United States. 
650 0 |a Blues (Music) 
650 0 |a Folk music  |z United States. 
700 1 |a Bromberg, David,  |d 1945-,  |e performer. 
710 2 |a Fantasy Records. 
948 |a c:jlg 
999 |a MARS 
999 f f |s 0f69e85e-a2ba-32af-853f-b986e35d2698  |i 66e4fcf6-a56a-39fb-8f86-effe54463506  |t 0 
952 f f |p ric  |a Texas A&M University  |b Rellis Campus  |c Joint Library Facility  |d Remote Storage  |t 0  |e M1630.18.D18 H69 1989 v.2  |h Library of Congress classification  |i audio -- audio disc  |m A14823351972 
998 f f |a M1630.18.D18 H69 1989 v.2  |t 0  |l Remote Storage